[Event "Aarhus Festuge GM 2018"]
[Site "Aarhus"]
[Date "2018.09.13"]
[Round "6"]
[White "Gritsak, Orest"]
[Black "Chatalbashev, Boris"]
[Result "1/2-1/2"]
[WhiteElo "2450"]
[BlackElo "2546"]
[Annotator "TA"]
[PlyCount "98"]
[EventDate "2018.09.08"]
[EventType "tourn"]
[EventCountry "DEN"]
[SourceTitle "playchess.com"]
[Source "ChessBase"]
[SourceQuality "1"]

{[%evp 12,98,18,22,43,4,0,3,2,4,4,0,0,-9,-18,-29,-29,-37,-41,-37,-35,-37,-15,-18,-29,-25,-15,-12,-6,-6,-6,-6,0,0,0,0,0,-3,0,0,0,0,0,0,0,0,0,0,0,-6,0,0,0,0,0,0,0,0,0,0,0,0,0,0,0,0,0,0,0,0,0,0,0,0,0,0,0,0,0,0,0,0,0,0,0,0,0,0,0]} 1. Nf3 d5 2. d4 Bf5 3. c4 e6 4. Nc3 Nf6 5. Bg5 c6 6. e3 Nbd7 7. Bd3 {LiveBook: 11 Games} Qb6 {D15: Slav Defence: 4 Nc3 a6 and gambit lines after 4 Nc3 dxc4} (7... Bxd3 8. Qxd3 Be7 9. O-O O-O 10. Rfd1 Rc8 11. Rac1 h6 12. Bxf6 Nxf6 13. c5 Qc7 14. b4 Nd7 15. Ne2 b6 16. Qa6 Nb8 17. Qa4 Nd7 {½-½ (56) Kramnik,V (2800)-Nepomniachtchi,I (2751) Moscow 2018}) 8. Rb1 $146 ({Predecessor:} 8. Bxf5 Qxb2 9. Na4 Qb4+ 10. Nd2 exf5 11. Rb1 Qa5 12. O-O Bb4 13. Bxf6 Nxf6 14. Nc5 Bxc5 15. dxc5 Qxc5 16. cxd5 Qxd5 17. Rxb7 {½-½ (46) Chlevistan,J (2161)-Mikulec,J (2020) Czechia 2011}) 8... Bxd3 9. Qxd3 Qa6 10. Nd2 c5 11. Bxf6 (11. Nb5 {with more complications.} Rc8 12. O-O Be7 13. b3 O-O 14. cxd5 exd5 15. Nf3) 11... Nxf6 12. dxc5 Bxc5 13. Qe2 dxc4 14. Qxc4 Qxc4 15. Nxc4 Bb4 16. Ke2 Rc8 17. Nd2 Ke7 18. Rhc1 Rhd8 19. Nce4 {The position is equal.} Nxe4 (19... h5 {is more complex.} 20. a3 Bxd2 21. Nxd2 Nd5 22. Nb3 g5) 20. Nxe4 f5 21. a3 Rxc1 (21... Ba5 {keeps more tension.} 22. b4 Bb6 23. Nd2 g5 24. h3 h5) 22. Rxc1 Bxa3 23. bxa3 {[#] Rc7+ is the strong threat.} fxe4 $11 {[%mdl 4096] Endgame KR-KR} 24. Rc4 Rd3 25. a4 Rb3 26. Rxe4 Rb2+ 27. Kf3 a5 28. Rh4 h6 29. Rg4 g5 30. h3 b6 31. h4 Kf6 32. hxg5+ hxg5 33. Rc4 Ke5 34. Rg4 Kf5 {[#] aiming for ...Rxf2+!} 35. Rc4 Rb3 36. Ke2 Rb2+ 37. Kf3 Kg6 38. Re4 Kf6 39. Rg4 e5 40. Rc4 Ke6 41. Rg4 Kf5 42. Rc4 Ke6 43. Rg4 b5 44. axb5 Rxb5 45. Ke2 Rb2+ 46. Ke1 Kd5 47. Ra4 Rb5 48. Kd2 e4 49. f3 Rb2+ {Precision: White = 72%, Black = 78%.} 1/2-1/2

[Event "Aarhus Festuge GM 2018"]
[Site "Aarhus"]
[Date "2018.09.13"]
[Round "6"]
[White "Antonsen, Mikkel"]
[Black "Skytte, Rasmus"]
[Result "1/2-1/2"]
[WhiteElo "2434"]
[BlackElo "2372"]
[Annotator "TA"]
[PlyCount "73"]
[EventDate "2018.09.08"]
[EventType "tourn"]
[EventCountry "DEN"]
[SourceTitle "playchess.com"]
[Source "ChessBase"]
[SourceQuality "1"]

{[%evp 19,73,22,16,25,39,36,50,54,62,69,60,14,27,4,10,2,28,9,8,7,7,14,14,10,17,6,6,6,18,20,18,6,14,14,31,27,31,31,31,22,42,41,42,42,45,41,39,26,28,20,20,20,20,20,27,20]} 1. d4 d5 2. Nf3 Nf6 3. c4 e6 4. g3 g6 5. Bg2 Bg7 6. O-O O-O 7. Nbd2 {D77: Fianchetto Grünfeld: 6 0-0: Replies other than 6...c6} b6 8. b3 {[%cal Bb2b3,Bb3b4][%mdl 32]} Bb7 9. Bb2 Nbd7 10. Rc1 c5 {LiveBook: 5 Games} (10... Re8 11. b4 a5 12. b5 a4 13. Ba3 Ne4 14. e3 f5 15. Qc2 dxc4 16. Nxc4 Bd5 {1-0 (59) Meier,G (2650)-Bortnyk,O (2610) Riadh 2017}) 11. dxc5 Nxc5 $146 ({Predecessor:} 11... bxc5 12. e3 Qb6 13. Qc2 Rfe8 14. Rfd1 Rad8 {0-1 (49) Schermer,A-Seewald,P Haarlem 1990}) 12. b4 Nce4 13. Nxe4 Nxe4 14. Bxg7 Kxg7 15. Nd2 Nf6 16. Qc2 Qe7 17. Qb2 Kg8 18. Rc2 Rfd8 19. cxd5 Nxd5 20. Rfc1 Rac8 21. Rxc8 Rxc8 22. Rxc8+ Bxc8 23. a3 Qf6 24. Qxf6 Nxf6 $11 {[%mdl 4096] Endgame KBN-KBN} 25. f4 Kf8 26. Bf3 h5 27. Kf2 Ke7 28. Ke3 Bd7 29. Kd4 Bb5 30. e4 {[%cal Be2e4,Be4e5][%mdl 32]} Ne8 31. e5 Nc7 32. Bb7 Ba4 33. Nb1 Kd7 34. Nc3 Nb5+ 35. Nxb5 Bxb5 36. Bf3 Ke7 37. Be4 {Precision: White = 59%, Black = 47%.} 1/2-1/2

[Event "Aarhus Festuge GM 2018"]
[Site "Aarhus"]
[Date "2018.09.13"]
[Round "6"]
[White "Pajeken, Jakob Leon"]
[Black "Matthiesen, Martin"]
[Result "0-1"]
[WhiteElo "2337"]
[BlackElo "2275"]
[Annotator "TA"]
[PlyCount "58"]
[EventDate "2018.09.08"]
[EventType "tourn"]
[EventCountry "DEN"]
[SourceTitle "playchess.com"]
[Source "ChessBase"]
[SourceQuality "1"]

{[%evp 9,58,-11,23,-31,-18,-32,0,-63,-72,-78,-58,-70,-25,-30,-22,-42,-37,-27,19,24,34,0,0,0,-4,-123,-112,-704,-696,-693,-625,-690,-703,-700,-700,-664,-568,-552,-518,-531,-499,-594,-577,-644,-416,-1628,-1573,-1825,-1785,-29983,-29984]} 1. d4 Nf6 2. Nc3 d5 3. Bf4 g6 4. Qd2 Bg7 5. O-O-O O-O {LiveBook: 10 Games} 6. e3 {A45: Trompowsky Attack} (6. f3 $11) (6. f3 c5 7. dxc5 Qa5 8. Kb1 Qxc5 9. e3 Nc6 10. Na4 Qa5 11. Qxa5 Nxa5 12. Nc3 Nc6 13. Nge2 e6 {1-0 (78) Grischuk,A (2774)-Kovalev,V (2546) Berlin 2015}) 6... c6 $15 7. h4 $146 ({Predecessor:} 7. Nf3 Nbd7 8. Ne5 Nh5 9. Nxd7 Bxd7 10. Bg5 b5 11. Kb1 a5 {Gorentsov,I (1600)-Santos,M (1506) LSS email 2012}) 7... Nbd7 {[%cal Bb8d7,Bd7e5,Be5d3][%mdl 32]} 8. Be2 ({White should play} 8. a4 $11) 8... b5 {[%cal Bb7b5,Bb5b4][%mdl 32]} 9. h5 b4 10. Nb1 Ne4 ({Of course not} 10... Nxh5 $6 11. Bxh5 gxh5 12. Qxb4 $11) 11. Qe1 e5 12. dxe5 Nxe5 13. f3 Qf6 14. fxe4 Nd3+ 15. Bxd3 Qxb2+ 16. Kd2 dxe4 $40 {[%mdl 128] Black attacks.} 17. Bxe4 (17. hxg6 $1 $11 exd3 18. gxh7+ Kh8 19. Kxd3 Bf5+ 20. Ke2 Bxc2 21. Rd2 Qxb1 22. Qxb1 Bxb1 23. Nf3) 17... Ba6 $17 {( -> ...Bc3+)} 18. Ne2 $2 {[%mdl 8192]} (18. Bd3 $17 Rad8 19. Ke2 Qxc2+ 20. Qd2) 18... Rad8+ $19 19. Nd4 {[#] hxg6 is the strong threat.} Rfe8 $1 {[%cal Re8e4]} 20. Qh4 {Hoping for Ke1.} Bxd4 {[%csl Gb2,Gb4][%cal Rd4c3]} 21. Ke1 Bf6 22. Qg4 Bc8 23. Qe2 Rxe4 24. Rxd8+ Bxd8 25. Qd3 Re8 {[%cal Be4e8,Be8d8,Bd8d6][%mdl 32]} 26. Kd2 Bf6 27. e4 (27. Qb3 $142 Rd8+ 28. Ke2) 27... Rd8 28. Bd6 Be5 29. hxg6 Rxd6 {Precision: White = 34%, Black = 58%.} 0-1

[Event "Aarhus Festuge GM 2018"]
[Site "Aarhus"]
[Date "2018.09.13"]
[Round "6"]
[White "Grove, Peter"]
[Black "Olsen, Filip Boe"]
[Result "1/2-1/2"]
[WhiteElo "2206"]
[BlackElo "2354"]
[Annotator "ChessBase"]
[PlyCount "86"]
[EventDate "2018.09.08"]
[EventType "tourn"]
[EventCountry "DEN"]
[SourceTitle "playchess.com"]
[Source "ChessBase"]
[SourceQuality "1"]
[TimeControl "40/5400+30:1800+30"]

1. e4 {[%emt 0:00:00]} c6 {[%emt 0:00:00]} 2. d4 {[%emt 0:00:00]} d5 {[%emt 0:00:00]} 3. Nc3 {[%emt 0:00:00]} dxe4 {[%emt 0:00:00]} 4. Nxe4 {[%emt 0:00:00]} Nd7 {[%emt 0:00:00]} 5. Nf3 {[%emt 0:00:44]} Ngf6 {[%emt 0:00:13]} 6. Nxf6+ {[%emt 0:00:06]} Nxf6 {[%emt 0:00:03]} 7. Bc4 {[%emt 0:00:09]} Bf5 {[%emt 0:01:59]} 8. O-O {[%emt 0:01:42]} e6 {[%emt 0:00:10]} 9. Bg5 {[%emt 0:00:30]} h6 {[%emt 0:01:55]} 10. Bh4 {[%emt 0:00:53]} Be7 {[%emt 0:01:13]} 11. c3 {[%emt 0:00:19]} O-O {[%emt 0:00:39]} 12. Ne5 {[%emt 0:01:38]} Ne4 {[%emt 0:09:55]} 13. Bxe7 {[%emt 0:02:20]} Qxe7 {[%emt 0:03:14]} 14. Bd3 {[%emt 0:00:21]} Rfd8 {[%emt 0:03:30]} 15. Qc2 {[%emt 0:01:51]} Nd6 {[%emt 0:00:33]} 16. Rfe1 {[%emt 0:07:46]} Qc7 {[%emt 0:06:59]} 17. Bxf5 {[%emt 0:05:07]} Nxf5 {[%emt 0:00:23]} 18. Qe4 {[%emt 0:00:34]} Rd5 {[%emt 0:06:58]} 19. Nc4 {[%emt 0:13:01]} Rad8 {[%emt 0:10:21]} 20. Ne3 {[%emt 0:03:28]} Nxe3 {[%emt 0:00:40]} 21. Qxe3 {[%emt 0:00:46]} c5 {[%emt 0:05:09]} 22. dxc5 {[%emt 0:02:50]} Qxc5 {[%emt 0:00:58]} 23. Qxc5 {[%emt 0:00:14]} Rxc5 {[%emt 0:00:01]} 24. Rad1 {[%emt 0:00:16]} Rcd5 {[%emt 0:01:36]} 25. Rxd5 {[%emt 0:00:09]} Rxd5 {[%emt 0:00:07]} 26. Kf1 {[%emt 0:00:11]} Kf8 {[%emt 0:02:12]} 27. Re4 {[%emt 0:00:33]} Rb5 {[%emt 0:05:45]} 28. b3 {[%emt 0:01:35]} Rc5 {[%emt 0:01:08]} 29. Re3 {[%emt 0:02:07]} Ke7 {[%emt 0:00:36]} 30. Ke1 {[%emt 0:02:55]} Rd5 {[%emt 0:02:43]} 31. Rf3 {[%emt 0:01:19]} Ra5 {[%emt 0:01:36]} 32. a4 {[%emt 0:00:12]} Rd5 {[%emt 0:00:31]} 33. Ke2 {[%emt 0:01:48]} Rd6 {[%emt 0:01:56]} 34. Rg3 {[%emt 0:00:56]} g6 {[%emt 0:00:39]} 35. Rd3 {[%emt 0:01:00]} Rb6 {[%emt 0:01:38]} 36. b4 {[%emt 0:00:24]} Rc6 {[%emt 0:00:59]} 37. Kd2 {[%emt 0:05:05]} Rc4 {[%emt 0:01:38]} 38. Kc2 {[%emt 0:00:44]} Re4 {[%emt 0:00:16]} 39. f3 {[%emt 0:01:22]} Re1 {[%emt 0:00:37]} 40. Rd1 {[%emt 0:00:20]} Re2+ {[%emt 0:00:12]} 41. Rd2 {[%emt 0:30:05]} Re1 {[%emt 0:30:08]} 42. Rd1 {[%emt 0:00:04]} Re2+ {[%emt 0:00:17]} 43. Rd2 {[%emt 0:00:06]} Re1 {[%emt 0:00:05]} 1/2-1/2

[Event "Aarhus Festuge GM 2018"]
[Site "Aarhus"]
[Date "2018.09.14"]
[Round "7"]
[White "Chatalbashev, Boris"]
[Black "Pajeken, Jakob Leon"]
[Result "1-0"]
[WhiteElo "2546"]
[BlackElo "2337"]
[Annotator "TA"]
[PlyCount "55"]
[EventDate "2018.09.08"]
[EventType "tourn"]
[EventCountry "DEN"]
[SourceTitle "playchess.com"]
[Source "ChessBase"]
[SourceQuality "1"]

{[%evp 25,55,10,18,0,41,0,23,6,11,0,0,0,-7,-5,0,0,39,43,53,51,233,107,132,136,702,689,797,783,29992,29993,29993,29994]} 1. c4 e6 2. d4 Nf6 3. Nc3 d5 4. cxd5 Nxd5 5. e4 Nxc3 6. bxc3 c5 7. Nf3 cxd4 8. cxd4 Bb4+ 9. Bd2 Bxd2+ 10. Qxd2 O-O 11. Rc1 b6 {D41: Queen's Gambit Declined: Semi-Tarrasch with 5 cxd5} 12. Bd3 Bb7 (12... Ba6 13. Bxa6 Nxa6 14. O-O Rc8 15. Rxc8 Qxc8 16. Rc1 Qb7 17. Qc2 Nb4 18. Qc4 a5 19. a3 {½-½ (45) Navara,D (2741)-Carlsen,M (2842) Biel 2018}) 13. O-O h6 {LiveBook: 4 Games. The position is equal.} 14. Bb1 Qe7 $146 ({Predecessor:} 14... Nd7 15. Qd3 Re8 16. Rfd1 Rc8 17. e5 Nf8 18. Rxc8 Qxc8 19. Nd2 {½-½ (56) Volkov,S (2612)-Hamidi,A (2268) Bandar e Anzali 2018}) 15. d5 Rd8 16. Rfd1 {Black should prevent d6.} exd5 17. exd5 Na6 {[%cal Bb8a6,Ba6c5,Bc5e6][%mdl 32]} 18. d6 Qf6 19. Rc3 Nc5 20. Re3 Rac8 21. Ne5 $40 {[%mdl 128] White is up to no good.} Ne6 $1 22. Qd3 {Qh7+ would kill now.} g6 $2 (22... Nf8 $1 $14) 23. Ng4 (23. d7 $18 {is the precise move to win.} Rc6 24. Qd2 (24. Nxc6 Bxc6 25. Qa3 Nf4 $16)) 23... Qg5 24. h3 {Hoping for Re5.} Rc5 $2 {[%mdl 8192] [#]} ({Not} 24... Nf4 $2 25. Qd4 $18) (24... h5 $16 25. Re5 Qf4) 25. Rxe6 $1 $18 {[%mdl 512]} fxe6 26. f4 $1 {[%cal Rf4g5]} Qh4 27. Qxg6+ Kf8 28. Nxh6 {Precision: White = 59%, Black = 22%.} 1-0

[Event "Aarhus Festuge GM 2018"]
[Site "Aarhus"]
[Date "2018.09.14"]
[Round "7"]
[White "Zumsande, Martin"]
[Black "Grove, Peter"]
[Result "1-0"]
[WhiteElo "2458"]
[BlackElo "2206"]
[Annotator "TA"]
[PlyCount "105"]
[EventDate "2018.09.08"]
[EventType "tourn"]
[EventCountry "DEN"]
[SourceTitle "playchess.com"]
[Source "ChessBase"]
[SourceQuality "1"]

{[%evp 17,105,35,29,20,19,0,6,0,2,-2,0,-13,12,8,8,9,20,17,15,16,20,15,20,0,0,0,0,0,0,-8,0,0,0,0,0,0,0,0,0,0,4,0,7,0,0,3,0,0,8,11,94,99,97,38,249,252,217,204,224,225,363,330,325,317,632,618,522,429,585,566,547,542,760,742,29977,29978,29978,29979,29979,29980,29980,29981,29981,29982,29984,29985,29985,29985,29986,29987]} 1. e4 e5 2. Nf3 Nf6 3. Nxe5 d6 4. Nf3 Nxe4 5. Nc3 Nxc3 6. dxc3 Be7 7. Be3 Nc6 8. Qd2 Be6 9. O-O-O {C42: Petroff Defence: 3 Nxe5 and unusual White 3rd moves} Qd7 {LiveBook: 302 Games} ({Don't blunder} 9... Bxa2 $2 10. b3 $18) 10. Bd3 (10. Kb1 Bf6 11. h4 O-O-O 12. Nd4 Nxd4 13. Bxd4 Be5 14. Be2 Qa4 15. b3 Qa5 16. f4 Bxd4 17. Qxd4 {½-½ (40) Vachier Lagrave,M (2779)-Caruana,F (2822) Saint Louis 2018}) 10... O-O-O 11. Qe2 {The position is equal.} Kb8 $146 ({Predecessor:} 11... Qe8 12. Rhe1 h6 13. Bb5 a6 14. Bc4 Bf6 15. Bf4 Bxc4 16. Qxc4 Qd7 {½-½ (30) Halvax,G (2313)-Pirker,C (2194) Austria 2014}) 12. Bb5 {Strongly threatening Ne5!} Bf6 ({Not} 12... Bxa2 $2 13. b3 $18) 13. Bg5 (13. Kb1 {feels hotter.} a6 14. Bc4 Bxc4 15. Qxc4 Qe6 16. Qd3) 13... Bxg5+ 14. Nxg5 Rde8 {...Bg4 is the strong threat.} (14... Rhe8 {keeps more tension.} 15. Nxe6 Rxe6 16. Qh5 Rh6 17. Qg5 Rg6) 15. Nxe6 Qxe6 16. Qxe6 Rxe6 17. Bxc6 bxc6 $11 {[%mdl 4096] Endgame KRR-KRR} 18. Rhe1 Rhe8 19. Rxe6 Rxe6 {KR-KR} 20. Rd4 Re1+ 21. Kd2 Rg1 22. Rg4 g6 23. h4 Rh1 24. g3 Kc8 25. Ra4 Rf1 26. Ke3 Rc1 27. Rxa7 Kb8 28. Ra4 Rxc2 29. Rb4+ Ka7 30. f3 f5 31. Kf4 c5 32. Rb3 Re2 33. h5 Rh2 (33... c6 $11) 34. hxg6 $16 hxg6 35. c4 (35. Kg5 $16) 35... Rc2 $2 {[#]} (35... Rg2 $14) 36. Kg5 $18 Rxc4 37. Kxg6 d5 38. Kxf5 d4 (38... Rc2 $142) 39. Ke4 Rc2 40. f4 Rf2 $2 {[#]} (40... c4 41. Ra3+ Kb6) 41. Kd5 Rc2 42. f5 c6+ 43. Ke4 Re2+ 44. Kf3 Re5 45. Kf4 c4 46. Ra3+ {White mates.} Kb7 47. Kxe5 {KR-K3P} d3 48. f6 d2 49. f7 d1=Q 50. f8=Q Qe1+ 51. Kf6 Qf2+ 52. Kg7 Qxb2+ 53. Kg8 {Precision: White = 56%, Black = 46%.} 1-0

[Event "Aarhus Festuge GM 2018"]
[Site "Aarhus"]
[Date "2018.09.14"]
[Round "7"]
[White "Skytte, Rasmus"]
[Black "Kotronias, Vasilios"]
[Result "1/2-1/2"]
[WhiteElo "2372"]
[BlackElo "2505"]
[Annotator "TA"]
[PlyCount "91"]
[EventDate "2018.09.08"]
[EventType "tourn"]
[EventCountry "DEN"]
[SourceTitle "playchess.com"]
[Source "ChessBase"]
[SourceQuality "1"]

{[%evp 20,91,22,22,22,22,15,-20,-22,-18,23,16,91,38,14,14,9,12,15,15,14,12,5,0,0,0,0,-2,26,0,0,4,10,-25,-17,-8,16,6,28,9,14,0,0,0,0,-21,-17,-27,0,0,0,0,0,0,16,8,8,8,25,25,53,50,50,50,175,178,181,171,155,45,57,66,87,11]} 1. d4 Nf6 2. Bg5 Ne4 3. Bf4 c5 4. f3 Qa5+ 5. c3 Nf6 6. d5 e6 7. e4 exd5 8. exd5 d6 {A45: Trompowsky Attack} 9. Qd2 Be7 (9... Nbd7 10. c4 Qxd2+ 11. Kxd2 b5 12. Na3 a6 13. b3 b4 14. Nc2 a5 15. Bd3 Be7 16. a3 {1-0 (48) Yu,Y (2721)-Zhou,J (2635) Shenzhen 2016}) 10. c4 Qxd2+ 11. Nxd2 {LiveBook: 4 Games} Nh5 12. Be3 f5 13. Bd3 $146 ({Predecessor:} 13. Ne2 O-O 14. O-O-O Nd7 15. Nc3 Ne5 16. Re1 {1-0 (75) Moskalenko,V (2531)-Fluvia Poyatos,J (2499) Catalunya 2013}) 13... O-O 14. Ne2 Re8 15. O-O-O Na6 {[#]} (15... Bf6 $11 16. Bf2 Nd7) 16. a3 (16. Ng3 $1 $16 {[%cal Rg3h5]} f4 17. Nxh5 fxe3 18. Ne4) 16... Bd7 17. g3 {[%cal Bg2g3,Bg3g4][%mdl 32]} Bf6 18. Bf2 Nc7 19. Rhe1 g6 20. h3 Be5 21. g4 Nf4 22. Nxf4 Bxf4 23. Rxe8+ Nxe8 24. Re1 Nf6 25. Kc2 Kf7 26. Rg1 a6 27. Nb1 Re8 28. Nc3 fxg4 29. fxg4 g5 30. Ne2 Be5 31. Rf1 b5 32. Nc3 {[%cal Rc4b5]} (32. b3 {with more complications.} Kg7 33. Be1 bxc4 34. bxc4 h6 35. Ba5) 32... bxc4 33. Bxc4 Bxc3 34. bxc3 Bb5 35. Bxb5 axb5 $11 {[%mdl 4096] Endgame KRB-KRN} 36. Bg3 Rd8 37. c4 bxc4 38. Kc3 Kg6 {Hoping for ...Ne4+.} 39. Kxc4 {Black should prevent Re1.} Ne4 {White must now prevent ...Nd2+.} 40. Be1 Ra8 41. Rf3 Ra4+ (41... h5 $14) 42. Kb5 $18 Rd4 {[#]} 43. Re3 $1 c4 44. Bc3 ({White should try} 44. a4 $16) 44... Nxc3+ $14 45. Rxc3 Kf6 $1 46. Re3 {Precision: White = 48%, Black = 46%.} ({White should play} 46. a4 $16) 1/2-1/2

[Event "Aarhus Festuge GM 2018"]
[Site "Aarhus"]
[Date "2018.09.14"]
[Round "7"]
[White "Olsen, Filip Boe"]
[Black "Gritsak, Orest"]
[Result "1/2-1/2"]
[WhiteElo "2354"]
[BlackElo "2450"]
[Annotator "TA"]
[PlyCount "73"]
[EventDate "2018.09.08"]
[EventType "tourn"]
[EventCountry "DEN"]
[SourceTitle "playchess.com"]
[Source "ChessBase"]
[SourceQuality "1"]

{[%evp 10,73,18,24,83,6,41,37,28,28,40,45,52,50,35,25,68,64,91,91,130,91,87,82,88,53,60,52,45,53,67,52,66,36,38,46,47,45,47,29,24,22,25,23,20,8,8,12,14,0,0,0,10,-4,0,-31,0,0,0,0,0,0,0,0,0,0]} 1. d4 e6 2. c4 Bb4+ 3. Bd2 a5 4. g3 d5 (4... Nc6 5. Bg2 d6 6. e3 e5 7. d5 Bxd2+ 8. Qxd2 Nb8 9. Nc3 Na6 10. Nge2 Nf6 11. h3 Nc5 12. g4 {½-½ (74) Ivanisevic,I (2650)-Caruana,F (2808) Baku 2016}) 5. Nf3 dxc4 6. Bg2 {LiveBook: 15 Games. A40: Unusual replies to 1 d4} b5 $146 (6... Ne7 $11) ({Predecessor:} 6... Nc6 7. e3 Nge7 8. O-O O-O 9. Qc2 b5 10. a4 Ba6 11. axb5 Bxb5 12. Rc1 {0-1 (34) Postny,E (2631)-Istratescu,A (2664) Bastia 2013}) 7. b3 (7. a4 $16) 7... cxb3 8. Qxb3 {White is slightly better.} Bb7 9. Bxb4 {[#] Strongly threatening Bc5.} Bd5 10. Qb2 {And now Bc5 would win.} axb4 11. Qxb4 c6 12. Nc3 Na6 13. Qb2 b4 14. Nxd5 cxd5 15. O-O Ne7 16. a3 Rb8 17. Ne5 O-O 18. Rfc1 bxa3 19. Qxa3 Nc7 20. e3 Nb5 21. Qa6 Nd6 22. h4 Rb6 23. Qa4 {aiming for Nd7.} Rb7 24. Nd3 Rc7 25. Nc5 Nef5 26. Bh3 g6 27. Rcb1 Qe7 28. Rb6 h5 29. Qa6 Kg7 30. Rab1 Rfc8 31. Bxf5 Nxf5 32. Rb7 Nd6 33. Rxc7 {The position is equal.} Rxc7 34. Rb8 Ra7 35. Qb6 Qc7 36. Qxc7 Rxc7 37. Kg2 {Precision: White = 55%, Black = 65%.} 1/2-1/2

[Event "Aarhus Festuge GM 2018"]
[Site "Aarhus"]
[Date "2018.09.14"]
[Round "7"]
[White "Matthiesen, Martin"]
[Black "Antonsen, Mikkel"]
[Result "1/2-1/2"]
[WhiteElo "2275"]
[BlackElo "2434"]
[Annotator "TA"]
[PlyCount "82"]
[EventDate "2018.09.08"]
[EventType "tourn"]
[EventCountry "DEN"]
[SourceTitle "playchess.com"]
[Source "ChessBase"]
[SourceQuality "1"]

{[%evp 18,82,45,45,45,45,45,41,45,41,58,55,58,53,75,76,76,76,88,77,111,97,103,40,47,42,39,35,43,41,51,-29,-8,-60,-45,-43,-15,-64,0,0,122,86,159,152,312,59,52,104,288,218,236,233,282,275,271,0,0,0,0,0,0,0,0,-14,0,0,0]} 1. d4 d5 2. c4 e6 3. Nc3 Nf6 4. cxd5 exd5 5. Bg5 c6 6. e3 Bf5 7. Qf3 Be6 8. Bxf6 {D35: Queen's Gambit Declined: Exchange Variation} Qxf6 9. Qxf6 gxf6 10. Bd3 {LiveBook: 46 Games. White is slightly better.} h5 (10... Nd7 11. Nge2 Nb6 12. Nf4 Nc8 13. f3 h5 14. h4 Bd6 15. Nce2 Bd7 {1-0 (54) Giri,A (2762)-Zvjaginsev,V (2643) Antalya 2017}) 11. h4 Nd7 $146 ({Predecessor:} 11... f5 12. Nh3 Nd7 13. Ne2 Bb4+ 14. Kf1 Bd6 15. Nhf4 Ke7 {1-0 (46) Savchenko,S (2505)-Barkhagen,J (2405) Gausdal 1992}) 12. Nh3 Bd6 13. Ne2 O-O-O 14. Nhf4 Nb6 15. f3 Nc4 16. Bxc4 dxc4 17. a4 Bd7 18. Kf2 Kb8 19. Rhc1 b5 20. axb5 (20. Ra2 $16) 20... cxb5 $14 21. Nd5 Bc6 22. Nxf6 Be7 23. Ne4 $1 $36 {[%mdl 2048] White is pushing.} Bxh4+ 24. g3 ({Better is} 24. N4g3 $14) 24... Be7 $1 $11 25. Ra5 (25. Nf4 $11) 25... h4 {[#] aiming for ...f5.} 26. g4 $1 h3 27. N2g3 Rdf8 ({Black should play} 27... Bh4 $15) 28. Rca1 Bh4 {[#]} (28... h2 $11) 29. d5 $1 $16 {[%cal Rd5c6]} ({Reject} 29. Rxa7 $6 f5 $11) 29... Bb7 (29... Bd8 $142) 30. Rxb5 {Threatens to win with Nc5.} a6 $2 (30... f5 $16 {is a better defense.} 31. Nd6 (31. gxf5 h2 $16) 31... Rh7) 31. Rb4 $2 ({White has to play} 31. Rxa6 $1 $18 {Threatening mate with Nd6.} f5 32. Nd6) 31... Ka7 $1 $14 32. Nc5 Bc8 $2 (32... Rb8 $16 {was worth a try.}) 33. Rxc4 f5 34. gxf5 Bxg3+ 35. Kxg3 Rxf5 36. Rh1 $2 ({Only move:} 36. e4 $18 Rf7 37. Rc3) 36... Rxd5 {The position is equal.} 37. Ne4 Rg8+ 38. Kh4 Rh8+ 39. Kg3 Rg8+ 40. Kh4 Rh8+ 41. Kg3 Rg8+ {Precision: White = 45%, Black = 38%.} 1/2-1/2

[Event "Aarhus Festuge GM 2018"]
[Site "Aarhus"]
[Date "2018.09.15"]
[Round "8"]
[White "Kotronias, Vasilios"]
[Black "Grove, Peter"]
[Result "0-1"]
[WhiteElo "2505"]
[BlackElo "2206"]
[Annotator "TA"]
[PlyCount "76"]
[EventDate "2018.09.08"]
[EventType "tourn"]
[EventCountry "DEN"]
[SourceTitle "playchess.com"]
[Source "ChessBase"]
[SourceQuality "1"]

{[%evp 23,76,16,31,16,19,19,22,21,18,-14,-17,-31,-23,-21,-20,-23,-2,-18,0,-73,-65,-95,-83,-93,-64,-133,-89,-93,-39,-90,-14,-120,-178,-157,-122,-184,-183,-162,-141,-204,-179,-174,-165,-216,-232,-503,-501,-668,-698,-797,-649,-1190,-957,-1641,-1781]} 1. e4 e5 2. Nf3 Nf6 3. Nxe5 d6 4. Nf3 Nxe4 5. d4 d5 6. Bd3 Nd6 7. O-O Be7 8. Bf4 O-O 9. Re1 Re8 10. Nbd2 Nd7 11. c3 {C42: Russische Verteidigung (Petrow)} Nf8 12. Qc2 g6 {LiveBook: 10 Partien} 13. Rac1 {[#] Weiß steht etwas besser.} Ne6 $146 ({Vorgänger:} 13... c6 14. h3 Ne6 15. Bh2 Bf8 {½-½ (30) Ivanchuk,V (2729)-Kuzubov,Y (2646) Kocaeli 2017}) 14. Be5 Ng7 15. Qb3 Be6 16. h4 (16. Re2 {keeps more tension.} a5 17. a4 Bf6 18. Rce1 c6 19. Bb1) 16... Bxh4 17. Bxd6 cxd6 18. Qxb7 Bf6 19. Qa6 g5 20. Nh2 g4 21. Qa4 (21. Re2 $11) 21... Bg5 $17 22. Qc2 h5 23. Nhf1 Qf6 24. Re2 (24. Ne3 $1 $15) 24... Qh6 25. Rce1 Rec8 (25... h4 $17) 26. Qd1 ({Günstiger ist} 26. g3 $15) 26... Kh8 (26... h4 $17) 27. Nb1 (27. g3 $11 {hält das Gleichgewicht.}) 27... Rf8 28. Na3 a6 29. Nc2 {[#]} (29. Bb1 $17) 29... f5 $1 $19 {[%cal Bf7f5,Bf5f4][%mdl 32]} 30. Nb4 Bg8 31. Bxa6 (31. Nc6 $17 {war nötig.}) 31... Ra7 32. Bd3 f4 33. f3 {[#]} (33. Nh2 $142 f3 34. gxf3) 33... Bh4 $1 34. fxg4 $2 (34. Nd2 Bxe1 35. Qxe1 (35. Rxe1 Qg5 $17)) 34... hxg4 {Schwarz steht klar auf Gewinn.} 35. g3 fxg3 36. Rg2 Ne6 {[%cal Bg7e6,Be6f4,Bf4g2][%mdl 32]} 37. Nxg3 {und die Idee Sf5 ließe Weiss weiter hoffen.} Nf4 {Weiss muss nun ...Sh3+ beachten.} 38. Qxg4 Nxg2 {Precision: Weiß = 18%, Schwarz = 63%.} 0-1